| 000 | 00590nam a2200229Ia 4500 | ||
|---|---|---|---|
| 008 | 160803s9999 xx 000 0 und d | ||
| 020 | _a9780516272856 | ||
| 100 | _aVenezia, Mike | ||
| 245 | _aRaphael / | ||
| 245 | _cwritten and illustrated by Mike Venezia. | ||
| 260 | _aNew York : | ||
| 260 | _bScholastic Inc. | ||
| 260 | _c2001 | ||
| 300 | _a32 pages : | ||
| 300 | _bcolor illustrations ; | ||
| 300 | _c25 cm. | ||
| 650 | _aArtists. | ||
| 650 | _aPainting, Italian. | ||
| 650 | _aPainting, Renaissance -- Italy. | ||
| 650 | _aRaphael, -- 1483-1520. | ||
| 700 | _a940 | ||
| 999 |
_c298910 _d298910 |
||